Métaux ayant le point de fusion le plus haut - Statistiques

Statistiques générales
  • Ce quiz a été pris 50 fois
  • Le résultat moyen est 4 sur 20
Statistiques - réponses
T° de fusion Métal % Correct
3 422°C Tungstène
65%
1 670 °C Titane
55%
1 768 °C Platine
50%
1 907 °C Chrome
35%
2 623°C Molybdène
33%
1 920 °C Vanadium
28%
1 963 °C Rhodium
23%
2 447 °C Iridium
18%
3 030°C Osmium
18%
1 850 °C Zirconium
18%
2 230 °C Hafnium
15%
3 186°C Rhénium
15%
2 477 °C Niobium
13%
2 160 °C Technétium
13%
1 750 °C Thorium
13%
1 630 °C Lawrencium
10%
2 330 °C Ruthénium
10%
3 020°C Tantale
10%
1 660 °C Lutécium
5%
1 570 °C Protactinium
5%
Aucun quiz correspondant
Distribution des résultats
% des personnes avec chaque résultat
Percentile par nombre de réponses
Votre historique - résultats
Vous n’avez pas pris ce quiz